In sacras commutationes commentarii literales, panegyrici, ac morales tomus primus [-secundus] / R. P. Fr. Josephi a Spiritu Sancto (Benavente), discalceati minoritatae, provinciae D. Pauli Apostoli in veteri Castella sacrae theologiae lectoris, regalis D. Froylani legionensis conventus, necnon S. Gabrielis Segoviensis guardiani

Detalles Bibliográficos
Autor principal: José del Espíritu Santo, 1608-1674
Formato: Libro
Lenguaje:Latin
Publicado: Matriti : ex typographia Emmanuelis Fernandez, 1740.
Materias:
Colección:Banco de datos
Acervo:Universidad Autónoma Benito Juárez de Oaxaca. Biblioteca Francisco de Burgoa. Colección antigua
Descripción Física:2 t. ; f°
Tema general:Teología dogmática
Notas:Portada tipográfica con pleca en grabado xilográfico.Texto a dos columnas con paginación en números arábigos, apostillas marginales, reclamos y signaturas. Incluye cabecera de título con motivos fantásticos y el escudo central de la orden de los franciscanos en grabado xilográfico. Incluye capitular con motivos florales en grabado xilográfico. Tomo con portada y numeración propias. Año del t. 1 publicado en 1740. Paginación: t. 1 [19] h., 436 p. Encuadernación en pergamino. Marca de fuego: Casa del Noviciado de la Compañía de Jesús de Oaxaca, Oax. Marca de fuego: Colegio de San Pablo de Oaxaca, Oax. Daños por polilla
LEADER 01772nam a22001930004500
035 |a 544 
041 0 |a lat 
100 1 |a José del Espíritu Santo, 1608-1674 
245 1 0 |a In sacras commutationes commentarii literales, panegyrici, ac morales tomus primus [-secundus] / R. P. Fr. Josephi a Spiritu Sancto (Benavente), discalceati minoritatae, provinciae D. Pauli Apostoli in veteri Castella sacrae theologiae lectoris, regalis D. Froylani legionensis conventus, necnon S. Gabrielis Segoviensis guardiani 
260 |a Matriti : ex typographia Emmanuelis Fernandez, 1740. 
300 |a 2 t. ; f° 
500 |a Portada tipográfica con pleca en grabado xilográfico.Texto a dos columnas con paginación en números arábigos, apostillas marginales, reclamos y signaturas. Incluye cabecera de título con motivos fantásticos y el escudo central de la orden de los franciscanos en grabado xilográfico. Incluye capitular con motivos florales en grabado xilográfico. Tomo con portada y numeración propias. Año del t. 1 publicado en 1740. Paginación: t. 1 [19] h., 436 p. Encuadernación en pergamino. Marca de fuego: Casa del Noviciado de la Compañía de Jesús de Oaxaca, Oax. Marca de fuego: Colegio de San Pablo de Oaxaca, Oax. Daños por polilla 
504 |a Al principio del t. 1 están la fe de erratas y el abaco general 
504 |a Al final del t. 1 están el índice de los lugares de la Sagrada Escritura y el índice alfabético de cosas notables 
650 1 0 |a Teología dogmática 
852 |a Universidad Autónoma "Benito Juárez" de Oaxaca, Biblioteca Francisco de Burgoa, Colección antigua t. 1 (1776) 
942 |c BURANT 
943 |g Universidad Autónoma Benito Juárez de Oaxaca. Biblioteca Francisco de Burgoa. Colección antigua 
999 |c 1111555  |d 1111555